Catálogo

Frida Kahlo / (Registro nro. 56311)

Detalles MARC
000 -LEADER
fixed length control field 01015cam a2200289 i 4500
001 - CONTROL NUMBER
control field 56311
003 - CONTROL NUMBER IDENTIFIER
control field Mx-PuUPA
005 - DATE AND TIME OF LATEST TRANSACTION
control field 20220302144504.0
008 - FIXED-LENGTH DATA ELEMENTS--GENERAL INFORMATION
fixed length control field 140415s2008 sp a gr 000 0 spa d
020 ## - INTERNATIONAL STANDARD BOOK NUMBER
International Standard Book Number 9788499280318
040 ## - CATALOGING SOURCE
Original cataloging agency Mx-PuUPA
Language of cataloging spa
Transcribing agency Mx-PuUPA
Modifying agency Mx-PuUPA
Description conventions rda
041 0# - LANGUAGE CODE
Language code of text/sound track or separate title spa
100 1# - MAIN ENTRY--PERSONAL NAME
Personal name Kahlo, Frida,
Dates associated with a name 1907-1954
Relator term autor
9 (RLIN) 12184
245 10 - TITLE STATEMENT
Title Frida Kahlo /
Statement of responsibility, etc. dirección editorial, Ma. Jesús Díaz ; textos, Laura García Sánchez
300 ## - PHYSICAL DESCRIPTION
Extent 255 páginas :
Other physical details ilustraciones (a color) ;
Dimensions 23 cm.
336 ## - CONTENT TYPE
Fuente rdacontent
Content type term texto
Content type code txt
337 ## - MEDIA TYPE
Source rdamedia
Media type term sin medio
Media type code n
338 ## - CARRIER TYPE
Source rdacarrier
Carrier type term volumen
Carrier type code nc
650 #7 - SUBJECT ADDED ENTRY--TOPICAL TERM
Topical term or geographic name entry element Arte moderno
General subdivision Pintura mexicana
Chronological subdivision Siglo XX
Source of heading or term armarc
650 #7 - SUBJECT ADDED ENTRY--TOPICAL TERM
Topical term or geographic name entry element Mujeres mexicanas
General subdivision Arte mexicano
Chronological subdivision Siglo XX
Source of heading or term armarc
650 #7 - SUBJECT ADDED ENTRY--TOPICAL TERM
Topical term or geographic name entry element Pintores mexicanos
Source of heading or term armarc
700 1# - ADDED ENTRY--PERSONAL NAME
Personal name Díaz, Ma. Jesús,
Relator term director
700 1# - ADDED ENTRY--PERSONAL NAME
Personal name García Sánchez, Laura,
Relator term autor
942 ## - ADDED ENTRY ELEMENTS (KOHA)
Source of classification or shelving scheme Dewey Decimal Classification
Koha item type Libro
Classification part 759.97206
Item part K125
Existencias
Withdrawn status Lost status Source of classification or shelving scheme Damaged status Not for loan Collection code Home library Current library Shelving location Date acquired Source of acquisition Total Checkouts Full call number Barcode Date last seen Price effective from Koha item type
    Dewey Decimal Classification     Referencia Biblioteca Karol Wojtyla Biblioteca Karol Wojtyla Área de silencio 03/12/2013 Compra   759.97206 K125 2008 84910 05/01/2026 03/12/2013 Libro R